00550 2200205 4500001002100000008004100021035002000062245010800082100002100190250000600211260003200217300001100249084001400260082000800274650001400282990001200296990001200308990001200320990001200332INLIS000000000000510 ind  a0010-0424000486 aEnsiklopedia Matematika Volume 2; Dasar - Dasar Matematika Dasar dan Logika MatematikacPatricia Barnes aBarnes, Patricia a1 aBandung :bPakar Rayac2014 a88 hlm a510 PAT e a510 aNon Fiksi a0722068 a0722069 a0722070 a0722071